000 00706nam a22001937a 4500
999 _c175690
_d175690
005 20200915145036.0
010 _aB-732630
020 _a9788123755564
_c75.00
035 _aB-732630
037 _bNational Book Trust
082 _a954.0841
245 _aGandhi Patel: letters and speeches:
_bdifferences within consensus /
_ccompiled by Neerja Singh
260 _aNew Delhi
_bNational Book Trust
_c2009
270 _aNehru Bhawan, 5 Institutional Area, Phase-II, Vasant Kunj
_bNew Delhi
_e110070
300 _axix, 203p.
_c21cm(pbk)
700 _aNeerja Singh
942 _2ddc
_cEN
_mGAN
_h954.0841